• 首页
  • 本馆介绍
  • 公告通知
  • 最新文献
  • 馆藏检索
  • 电子资源
  • 读者导购
  • 参考咨询
  • 我的图书馆
  • 登录
  • 详细信息显示
  • 放入我的书架
  • 预约/预借图书
  • 作者相关作品
  • 分类相关作品
  • 丛书相关作品
  • 出版社相关作品

书目信息

  • 表格格式
  • 工作单格式
  • 卡片格式
题名:
简明中外历史辞典
    
 
作者: ;武汉师范学院历史系《简明中外历史辞典》编写组 编
分册:  
出版信息: 武汉   湖北人民出版社  1981
页数: 428页
开本: 19cm
丛书名:
单 册:
中图分类: K-61
科图分类:
主题词: 历史--词典
电子资源:
ISBN:
000 00776nam0 2200229 45
001 1549323813
005 20150127131824.25
010    @dCNY1.48
091    @aCN@b11106.141
100    @a19950703d1981 emky0chiy0121 ea
101 0  @achi
102    @aCN@b420000
105    @ay e 000yy
200 10 @a简明中外历史辞典@Ajian ming zhong wai li shi ci dian@f武汉师范学院历史系《简明中外历史辞典》编写组编
210    @a武汉@c湖北人民出版社@d1981
215    @a428页@d19cm
517 1  @a中外历史辞典@Azhong wai li shi ci dian
606    @a历史@x词典
690    @aK-61@v3
711 02 @a武汉师范学院历史系《简明中外历史辞典》编写组@Awu han shi fan xue yuan li shi xi《 jian ming zhong wai li shi ci dian》 bian xie zu@4编
801  0 @aCN@bTSSF@c20150127
905    @aZUCC@dK-61@eJY15
    
    简明中外历史辞典/武汉师范学院历史系《简明中外历史辞典》编写组编.-武汉:湖北人民出版社,1981
    428页;19cm
    
    
    ISBN :CNY1.48
    
●
相关链接 在E读中查询图书 在五车中查询图书 在当当中查询图书 在豆瓣中查询图书


正题名:简明中外历史辞典     索取号:K-61/JY15         预约/预借

序号 登录号 条形码 馆藏地/架位号 状态 备注
1 7852535   278525357   学院路分馆/ [索取号:K-61/JY15] 在馆    
唐山师范学院图书馆 欢迎您!
大连网信软件有限公司© 版权所有